Tatry Štrbské Pleso

Zobrazenie: kresba Štrbského Plesa

Bibliographic Details
Format: Photo
Language:Slovak
Hungarian
PhysicalDescription:1 pohľadnica kolorovaná 9 x 14 cm
Published: [Praha] JKO [1921?]
Subjects:

MARC

LEADER 00000ckm a2200000 a 4500
001 vtls010031264
003 SK-MaSNL
005 20260331204653.0
007 kf co
008 231214q1921 xr g kuslo
015 |a SNBG1921 
035 |a urn:nbn:sk:snk-km00bloc 
035 |a urn:nbn:sk:snk-km3lo8i 
035 |a 4E3624F0-4B78-45E7-9230-73B7EB7A2050 
040 |a SNK  |b slo  |c SNK  |e AACR2 
041 0 |a slo  |a hun 
043 |a e-xo--- 
044 |a xr  |c CZ 
080 |a 913(437.6)  |2 2001 
080 |a (084.121)72/76  |2 2001 
080 |a 75(437.3)  |2 2001 
100 1 |a Sedláček, Jára  |4 art  |9 52496 
245 1 0 |a Tatry  |h grafika  |b Štrbské Pleso  |c Jára Sedláček 
246 3 1 |a Tátra 
260 |a [Praha]  |b JKO  |c [1921?] 
300 |a 1 pohľadnica  |b kolorovaná  |c 9 x 14 cm 
520 8 |a Zobrazenie: kresba Štrbského Plesa 
546 |a Súbežný názov v maďarčine 
650 0 7 |a české maliarstvo  |2 SNKPH  |9 3112 
651 7 |a Štrbské Pleso (Štrba, Slovensko)  |2 SNKPH  |9 174790 
651 7 |a Tatry (Slovensko : región)  |2 SNKPH  |9 59212 
655 7 |a pohľadnice umeleckých diel  |2 SNKPH  |9 81593 
852 |a Slovenská národná knižnica 
958 |a GC 
958 |a GBN 
958 |a OND 
999 |c 746421  |d 748351 
952 |a SNK  |b SNK  |y PREZ  |7 0  |p 17A0636862  |o snkSP 5279  |3 rekatalogizácia  |0 0  |1 0  |4 0  |d 2009-12-12  |f 1  |l 0  |r 2026-02-23 23:16:44  |w 2026-02-23